Der böhmische Utraquismus als Konfession im 16. Jahrhundert
| Titel: | Der böhmische Utraquismus als Konfession im 16. Jahrhundert / Christine Marianne Schoen |
|---|---|
| Verfasser: | |
| Körperschaft: | |
| Ausgabe: | 1. Auflage |
| Veröffentlicht: | Gütersloh : Gütersloher Verlagshaus, [2022] |
| Umfang: | 454 Seiten ; 24 cm x 16 cm |
| Format: | Buch |
| Sprache: | Deutsch |
| Schriftenreihe/ mehrbändiges Werk: |
Quellen und Forschungen zur Reformationsgeschichte ; Band 100 |
| Hochschulschrift: | Dissertation, Kirchliche Hochschule Wuppertal, 2021/22 |
| RVK-Notation: | |
| ISBN: | 9783579059839 |
| Hinweise zum Inhalt: |
Inhaltstext
Inhaltsverzeichnis |
alg: 50186717 001A $00004:22-11-22 001B $00030:12-11-24 $t13:50:06.000 001D $00004:22-11-22 001U $0utf8 001X $00 002@ $0Aau 002C $aText $btxt $2rdacontent 002D $aohne Hilfsmittel zu benutzen $bn $2rdamedia 002E $aBand $bnc $2rdacarrier 003@ $0501867171 003O $01344384009 $aOCoLC 004A $A978-3-579-05983-9 $f(Festeinband) : EUR 168.00 (D), EUR 172.80 (A) 004K $09783579059839 006G $01267499443 006T $022,N37 006U $023,A17 $f20220907 006U $023,H05 007A $0501867171 $aHEB 009P $qtext/html $A2 $3Inhaltstext $uhttp://deposit.dnb.de/cgi-bin/dokserv?id=03f6ff398d154cff9f1126d760ba8e8e&prov=M&dok_var=1&dok_ext=htm $mX:MVB 009P $qapplication/pdf $A2 $3Inhaltsverzeichnis $uhttps://d-nb.info/1267499443/04 $mB:DE-101 010@ $ager 010E $erda 011@ $a2022 $n[2022] 011F $n© 2022 013D $RWissenschaftliche Literatur $#Dissertations, Academic $#Thèses et écrits académiques $74113937-9 $8Hochschulschrift [Ts1] $9085338818 021A $aDer @böhmische Utraquismus als Konfession im 16. Jahrhundert $hChristine Marianne Schoen 028A $BVerfasser $4aut $8Schoen, Christine Marianne [Tp3] $9484748955 029F $RSociety for Reformation Research $#VRG $79409-2 $8Verein für Reformationsgeschichte [Tb1] $9040215040 032@ $a1. Auflage 033A $pGütersloh $nGütersloher Verlagshaus 034D $a454 Seiten 034I $a24 cm x 16 cm 036E $aQuellen und Forschungen zur Reformationsgeschichte $lBand 100 037A $aQuellen- und Literaturverzeichnis: Seite [421]-449 037A $aRegister: Seite 451-454 037C $dDissertation $eKirchliche Hochschule Wuppertal $f2021/22 044K $RHussiten $74756291-2 $8Utraquisten [Ts1] $9115226184 044K $qDNB $RReformation $#Church history 17th century $#Église 17e siècle $#Histoire religieuse Europe 16e siècle $#Historia eclesiástica S.XVII $74136343-7 $8Konfessionalisierung [Ts1] $9085506656 044K $qDNB $RProtektorat Böhmen und Mähren $RBöhmische Länder $RTschechoslowakei $#Böhmen $#Čech $#Königreich Böhmen $#České Království $#Království České $#Kronland Böhmen $#Čechy $#Ceské Království $#Království Ceské $74007467-5 $8Böhmen [Tg1] $9085012173 045E $c230 $c940 045F $a200.9437109031 $eDDC23BSB 045F/01 $a200.9 045F/03 $f09031 045F/03 $g4371 045R $aGeschichte 1520-1609 045Z $8BP 3250 [Tkv] $9407478744 lok: 50186717 3 101B $012-11-24 $t13:50:06.000 101C $012-11-24 101U $0utf8 145S/01 $a004 exp: 50186717 3 1 #EPN 201B/01 $012-11-24 $t13:50:21.000 201C/01 $012-11-24 201U/01 $0utf8 203@/01 $01283168340 208@/01 $a12-11-24 $bzCh 209A/01 $a02/BP 3250 U92 S3 $du $f330 $h02 BP 3250 U92 S3 $x00 209B/01 $a4410 $x05 209C/01 $aBzG-2024/2906 209G/01 $a1005405712 $x00 247C/01 $8601330-2 <30/330>Frankfurt, Universitätsbibliothek J. C. Senckenberg, Bibliothekszentrum Geisteswissenschaften (BzG) $9102599378 lok: 50186717 25 exp: 50186717 25 1 #EPN 201B/01 $022-11-23 $t15:36:48.000 201C/01 $022-11-23 201U/01 $0utf8 203@/01 $0124862694X 208@/01 $a22-10-23 $bztb 209A/01 $aMa 204-100 $dd $f016 $x00 209G/01 $a62212933 $x00 209G/01 $aEvangelische Theologie $x01 247C/01 $8651016-4 <77/016>Mainz, Universität Mainz, Bereichsbibliothek Katholische und Evangelische Theologie $9102599696 lok: 50186717 78 exp: 50186717 78 1 #EPN 201B/01 $031-05-23 $t14:25:47.000 201C/01 $031-05-23 201U/01 $0utf8 203@/01 $01234652528 208@/01 $a31-05-23 $be 209A/01 $a/ $f000 $x00 209A/01 $ab*p $x01 220C/01 $apgar 244Z/01 $#Böhmische Kronländer $#Länder der Böhmischen Krone $#Sudetenland $#Böhmen $#Mähren $#Mährisch-Schlesien $#Österreichisch-Schlesien $#Tschechische Sozialistische Republik Böhmische Länder $#Tschechei Böhmische Länder $#Země koruny české $74069573-6 $8--Tg1--Böhmische Länder $x03 $9085195553 247C/01 $82080>Marburg/Lahn, Herder-Institut, Forschungsbibliothek, Bibliographieportal $9336309341 lok: 50186717 205 exp: 50186717 205 1 #EPN 201B/01 $022-11-22 $t11:59:23.000 201C/01 $022-11-22 201U/01 $0utf8 203@/01 $01220326186 208@/01 $a22-11-22 $bz 209A/01 $aC I Ab 17,100 $db $f381 $x00 209B/01 $a80 $x05 209C/01 $a5 2022/00585 209C/01 $anel2211BA 209G/01 $a57272643 $x00 247C/01 $8351381-6 <4/381>Marburg, Universität Marburg, Bibliothek Evangelische Theologie $9102595364
| LEADER | 00000cam a2200000 c 4500 | ||
|---|---|---|---|
| 001 | 501867171 | ||
| 003 | DE-603 | ||
| 005 | 20241112135006.0 | ||
| 007 | tu | ||
| 008 | 221122s2022 xx |||| m u00||u|ger | ||
| 015 | |a 23,A17 |z 22,N37 |2 dnb | ||
| 016 | 7 | |2 DE-101 |a 1267499443 | |
| 020 | |a 9783579059839 |c (Festeinband) : EUR 168.00 (D), EUR 172.80 (A) | ||
| 024 | 3 | |a 9783579059839 | |
| 035 | |a (DE-599)HEB501867171 | ||
| 035 | |a (OCoLC)1344384009 | ||
| 040 | |a DE-603 |b ger |c DE-603 |d DE-603 |e rda | ||
| 041 | |a ger | ||
| 082 | 0 | 4 | |8 1\u |a 200.9437109031 |q DE-101 |2 23/BSB |
| 084 | |a 230 |a 940 |q DE-101 |2 sdnb | ||
| 084 | |a BP 3250 |0 (DE-625)14989: |0 (DE-603)407478744 |2 rvk | ||
| 085 | |8 1\u |b 200.9 | ||
| 085 | |8 1\u |z 1 |s 09031 | ||
| 085 | |8 1\u |z 2 |s 4371 | ||
| 100 | 1 | |a Schoen, Christine Marianne |e Verfasser |4 aut |0 (DE-603)484748955 |0 (DE-588)1239852258 |2 gnd | |
| 245 | 0 | 0 | |a Der böhmische Utraquismus als Konfession im 16. Jahrhundert |c Christine Marianne Schoen |
| 250 | |a 1. Auflage | ||
| 264 | 1 | |a Gütersloh |b Gütersloher Verlagshaus |c [2022] | |
| 264 | 4 | |c © 2022 | |
| 300 | |a 454 Seiten |c 24 cm x 16 cm | ||
| 336 | |a Text |b txt |2 rdacontent | ||
| 337 | |a ohne Hilfsmittel zu benutzen |b n |2 rdamedia | ||
| 338 | |a Band |b nc |2 rdacarrier | ||
| 490 | 0 | |a Quellen und Forschungen zur Reformationsgeschichte |v Band 100 | |
| 500 | |a Quellen- und Literaturverzeichnis: Seite [421]-449 | ||
| 500 | |a Register: Seite 451-454 | ||
| 502 | |b Dissertation |c Kirchliche Hochschule Wuppertal |d 2021/22 | ||
| 648 | 7 | |a Geschichte 1520-1609 |2 gnd | |
| 650 | 7 | |a Utraquisten |0 (DE-588)4756291-2 |0 (DE-603)115226184 |2 gnd | |
| 650 | 7 | |a Konfessionalisierung |0 (DE-588)4136343-7 |0 (DE-603)085506656 |2 gnd | |
| 651 | 7 | |a Böhmen |0 (DE-588)4007467-5 |0 (DE-603)085012173 |2 gnd | |
| 655 | 7 | |a Hochschulschrift |2 gnd-content |0 (DE-588)4113937-9 |0 (DE-603)085338818 | |
| 710 | 2 | |a Verein für Reformationsgeschichte |0 (DE-603)040215040 |0 (DE-588)9409-2 |2 gnd | |
| 856 | 4 | 2 | |m X:MVB |q text/html |u http://deposit.dnb.de/cgi-bin/dokserv?id=03f6ff398d154cff9f1126d760ba8e8e&prov=M&dok_var=1&dok_ext=htm |3 Inhaltstext |
| 856 | 4 | 2 | |m B:DE-101 |q application/pdf |u https://d-nb.info/1267499443/04 |3 Inhaltsverzeichnis |
| 924 | 0 | |9 30/330 |a (DE-603)1283168340 |b DE-30-330 |c HES |d d |g 02/BP 3250 U92 S3 | |
| 924 | 0 | |9 77/016 |a (DE-603)124862694X |b DE-77-016 |c HES |d d |g Ma 204-100 | |
| 924 | 0 | |9 2080 |a (DE-603)1234652528 |b DE-2080 |c HES |d d |g / | |
| 924 | 0 | |9 4/381 |a (DE-603)1220326186 |b DE-4-381 |c HES |d d |g C I Ab 17,100 | |


